| 000 | 01004nam a22002417a 4500 | ||
|---|---|---|---|
| 999 |
_c16758 _d16758 |
||
| 003 | AR-CdUCM | ||
| 008 | 190506b ||||| |||| 00| 0 spa d | ||
| 040 |
_aMUNICIPALIDAD PROVINCIAL DEL CUSCO _cBIBLIOTECA MUNICIPAL DEL CUSCO |
||
| 041 | _hfre | ||
| 082 |
_a123.1 / _bL42 |
||
| 100 |
_aLeibniz, Gottfried Wilhelm _936394 |
||
| 245 |
_aNuevo sistema de la naturaleza : _by de la comunicación de las sustancias, así como también de la unión entre el alma y el cuerpo / |
||
| 260 |
_aMadrid : _bAguilar, _c1963. |
||
| 300 |
_a69 páginas ; _c16 cm. |
||
| 440 |
_aBiblioteca de iniciación filosófica ; _n85 _936395 |
||
| 505 | _aContenido: Sistema nuevo de la naturaleza y de la comunicación de las sustancias -- Aclaración al nuevo sistema de la comunicación de las sustancias ... | ||
| 650 |
_aParálisis _936396 |
||
| 650 |
_aParálisis cerebral. _936397 |
||
| 650 |
_aOntología _915047 |
||
| 700 |
_aPareja, Enrique (traductor) _936398 |
||
| 942 |
_2ddc _cLIBROS |
||
| 945 |
_aacv _d2019-05-06 |
||